Petits pays d'Europe et disciplines olympiques (1) - Statistiques

Statistiques générales
  • Ce quiz a été pris 7 fois
  • Le résultat moyen est 63 sur 129
Statistiques - réponses
Hint Réponse % Correct
Titre olympique Cyclisme Autriche | Danemark | Norvège | Suède | Suisse
83%
Titre olympique Aviron Bulgarie | Croatie | Danemark | Irlande | Lituanie | Norvège | Slovénie | Suisse
83%
Titre olympique Boxe Bulgarie | Danemark | Hongrie | Irlande | Norvège
83%
Titre olympique Handball Croatie | Danemark | Norvège
83%
Titre olympique Haltérophilie Autriche | Biélorussie | Bulgarie | Croatie | Danemark | Estonie | Hongrie | Norvège
67%
Titre olympique Tir Autriche | Biélorussie | Bulgarie | Croatie | Danemark | Hongrie | Lituanie | Norvège | Slovénie | Suède | Suisse
67%
Titre olympique Athlétisme Autriche | Biélorussie | Bulgarie | Croatie | Estonie | Hongrie | Irlande | Lituanie | Luxembourg | Norvège | Slovaquie | Slovénie | Suède
67%
Titre olympique Judo Autriche | Biélorussie | Hongrie | Kosovo | Slovénie | Suisse
67%
Titre olympique Ski acrobatique Autriche | Biélorussie | Norvège | Suisse
67%
Titre olympique Ski alpin Autriche | Croatie | Liechtenstein | Norvège | Slovaquie | Slovénie | Suède | Suisse
67%
Titre olympique Escrime Autriche | Danemark | Estonie | Hongrie | Suède | Suisse
67%
Titre olympique Voile Autriche | Danemark | Norvège | Suède | Suisse
67%
Titre olympique Ski de fond Autriche | Estonie | Norvège | Suède | Suisse
67%
Titre olympique Bobsleigh Autriche | Lettonie | Suisse
67%
Titre olympique Combiné nordique Autriche | Norvège | Suisse
67%
Titre olympique Saut à ski Autriche | Norvège | Suisse
67%
Titre olympique Equitation Autriche | Suède | Suisse
67%
Titre olympique Triathlon Autriche | Suisse
67%
Titre olympique Skeleton Autriche | Suisse
67%
Titre olympique Snowboard Autriche | Suisse
67%
Titre olympique Gymnastique Biélorussie | Bulgarie | Danemark | Hongrie | Lettonie | Norvège | Suède | Suisse
67%
Titre olympique Biathlon Biélorussie | Bulgarie | Norvège | Slovaquie | Suède | Suisse
67%
Titre olympique Tennis Biélorussie | Suisse
67%
Titre olympique Water-polo Croatie | Hongrie | Serbie
67%
Titre olympique Curling Norvège | Suède | Suisse
67%
Titre olympique Hockey sur glace Suède
67%
Médaille d'argent Haltérophilie Arménie | Autriche | Biélorussie | Bulgarie | Croatie | Danemark | Estonie | Hongrie | Lettonie | Luxembourg | Suisse
50%
Médaille de bronze Haltérophilie Arménie | Autriche | Biélorussie | Bulgarie | Croatie | Estonie | Hongrie | Lettonie | Lituanie | Suède | Suisse
50%
Médaille de bronze Lutte Arménie | Autriche | Biélorussie | Bulgarie | Danemark | Estonie | Hongrie | Lituanie | Macédoine | Moldavie | Norvège | Saint-Marin | Serbie | Suède | Suisse
50%
Médaille d'argent Lutte Arménie | Biélorussie | Bulgarie | Danemark | Estonie | Hongrie | Lettonie | Lituanie | Norvège | Slovaquie | Suède | Suisse
50%
Médaille de bronze Gymnastique Arménie | Biélorussie | Bulgarie | Danemark | Hongrie | Norvège | Suède | Suisse
50%
Titre olympique Lutte Arménie | Bulgarie | Estonie | Hongrie | Norvège | Serbie | Suède | Suisse
50%
Titre olympique Luge Autriche
50%
Médaille de bronze Athlétisme Autriche | Biélorussie | Bulgarie | Croatie | Danemark | Estonie | Hongrie | Irlande | Islande | Lettonie | Lituanie | Norvège | Serbie | Slovénie | Suède | Suisse
50%
Médaille d'argent Athlétisme Autriche | Biélorussie | Bulgarie | Croatie | Danemark | Estonie | Hongrie | Irlande | Islande | Lettonie | Lituanie | Norvège | Slovénie | Suède | Suisse
50%
Médaille d'argent Aviron Autriche | Biélorussie | Bulgarie | Croatie | Danemark | Estonie | Hongrie | Irlande | Lituanie | Norvège | Slovénie | Suède | Suisse
50%
Médaille de bronze Aviron Autriche | Biélorussie | Bulgarie | Croatie | Danemark | Estonie | Hongrie | Irlande | Lituanie | Norvège | Slovénie | Suisse
50%
Médaille de bronze Tir Autriche | Biélorussie | Bulgarie | Croatie | Danemark | Hongrie | Norvège | Saint-Marin | Serbie | Slovaquie | Slovénie | Suède | Suisse
50%
Médaille de bronze Natation Autriche | Biélorussie | Bulgarie | Danemark | Hongrie | Irlande | Norvège | Suède | Suisse
50%
Médaille d'argent Tir Autriche | Biélorussie | Bulgarie | Danemark | Hongrie | Lettonie | Moldavie | Norvège | Saint-Marin | Serbie | Slovaquie | Suède | Suisse
50%
Médaille d'argent Canoë-kayak Autriche | Biélorussie | Bulgarie | Danemark | Hongrie | Lettonie | Moldavie | Norvège | Serbie | Slovaquie | Slovénie | Suède | Suisse
50%
Titre olympique Canoë-kayak Autriche | Biélorussie | Bulgarie | Danemark | Hongrie | Norvège | Slovaquie | Suède
50%
Médaille de bronze Judo Autriche | Biélorussie | Bulgarie | Estonie | Hongrie | Islande | Lettonie | Slovénie | Suisse
50%
Médaille de bronze Cyclisme Autriche | Biélorussie | Danemark | Lettonie | Lituanie | Norvège | Suède | Suisse
50%
Médaille de bronze Ski acrobatique Autriche | Biélorussie | Estonie | Norvège | Suède | Suisse
50%
Médaille d'argent Biathlon Autriche | Biélorussie | Norvège | Slovaquie | Suède | Suisse
50%
Médaille d'argent Ski acrobatique Autriche | Biélorussie | Norvège | Suède | Suisse
50%
Titre olympique Natation Autriche | Bulgarie | Danemark | Hongrie | Irlande | Lituanie | Suède
50%
Médaille d'argent Football Autriche | Bulgarie | Danemark | Hongrie | Suède | Suisse
50%
Médaille d'argent Equitation Autriche | Bulgarie | Danemark | Norvège | Suède | Suisse
50%
Médaille de bronze Ski de fond Autriche | Bulgarie | Estonie | Norvège | Slovénie | Suède | Suisse
50%
Médaille d'argent Patinage artistique Autriche | Bulgarie | Hongrie | Norvège | Suède | Suisse
50%
Médaille de bronze Patinage artistique Autriche | Bulgarie | Hongrie | Norvège | Suède | Suisse
50%
Médaille d'argent Judo Autriche | Bulgarie | Hongrie | Slovaquie | Suisse
50%
Médaille d'argent Voile Autriche | Chypre | Danemark | Hongrie | Irlande | Lituanie | Norvège | Slovénie | Suède | Suisse
50%
Médaille d'argent Ski alpin Autriche | Croatie | Liechtenstein | Luxembourg | Norvège | Slovénie | Suède | Suisse
50%
Médaille de bronze Escrime Autriche | Danemark | Estonie | Hongrie | Suède | Suisse
50%
Médaille de bronze Equitation Autriche | Danemark | Hongrie | Irlande | Suède | Suisse
50%
Médaille d'argent Escrime Autriche | Danemark | Hongrie | Norvège | Suède | Suisse
50%
Titre olympique Patinage de vitesse Autriche | Hongrie | Norvège | Suède
50%
Médaille de bronze Bobsleigh Autriche | Lettonie | Suisse
50%
Médaille de bronze Ski alpin Autriche | Liechtenstein | Norvège | Slovénie | Suède | Suisse
50%
Médaille d'argent Snowboard Autriche | Norvège | Slovaquie | Slovénie | Suède | Suisse
50%
Médaille d'argent Saut à ski Autriche | Norvège | Slovénie | Suède | Suisse
50%
Titre olympique Patinage artistique Autriche | Norvège | Suède
50%
Médaille d'argent Combiné nordique Autriche | Norvège | Suède | Suisse
50%
Médaille de bronze Combiné nordique Autriche | Norvège | Suède | Suisse
50%
Médaille de bronze Snowboard Autriche | Norvège | Suisse
50%
Médaille d'argent Tennis Autriche | Suède | Suisse | Croatie
50%
Médaille d'argent Bobsleigh Autriche | Suisse
50%
Médaille de bronze Skeleton Autriche | Suisse
50%
Médaille d'argent Gymnastique Biélorussie | Bulgarie | Croatie | Danemark | Hongrie | Lettonie | Norvège | Suède | Suisse
50%
Médaille de bronze Tennis Biélorussie | Bulgarie | Croatie | Hongrie | Norvège | Serbie | Suède
50%
Médaille de bronze Handball Croatie | Hongrie | Norvège | Suisse
50%
Médaille d'argent Curling Croatie | Norvège | Suède | Suisse
50%
Titre olympique Badminton Danemark
50%
Médaille de bronze Voile Danemark | Estonie | Hongrie | Norvège | Slovénie | Suède | Suisse
50%
Titre olympique Plongeon Danemark | Suède
50%
Titre olympique Football Hongrie | Norvège | Suède
50%
Titre olympique Pentathlon moderne Hongrie | Suède
50%
Médaille de bronze Beach volley Lettonie | Suisse
50%
Médaille de bronze Curling Norvège | Suède | Suisse
50%
Titre olympique Karaté Serbie
50%
Titre olympique Taekwondo Serbie
50%
Titre olympique Tennis de table Suède
50%
Titre olympique Tir à la corde Suède
50%
Médaille d'argent Hockey sur glace Suède
50%
Médaille d'argent Triathlon Suède | Suisse
50%
Médaille de bronze Hockey sur glace Suède | Suisse
50%
Médaille de bronze Triathlon Suisse
50%
Médaille de bronze Boxe Arménie | Biélorussie | Bulgarie | Danemark | Hongrie | Irlande | Lituanie | Moldavie | Norvège | Suède
33%
Médaille d'argent Natation Autriche | Biélorussie | Bulgarie | Croatie | Danemark | Hongrie | Norvège | Serbie | Slovaquie | Slovénie | Suède
33%
Médaille de bronze Biathlon Autriche | Biélorussie | Bulgarie | Croatie | Norvège | Slovaquie | Suède
33%
Médaille de bronze Canoë-kayak Autriche | Biélorussie | Bulgarie | Danemark | Hongrie | Lituanie | Moldavie | Norvège | Slovaquie | Suède
33%
Médaille d'argent Patinage de vitesse Autriche | Biélorussie | Norvège | Suède
33%
Médaille d'argent Ski de fond Autriche | Estonie | Norvège | Suède
33%
Médaille d'argent Handball Autriche | Hongrie | Islande | Monténégro | Norvège | Suède
33%
Médaille d'argent Luge Autriche | Lettonie
33%
Médaille de bronze Luge Autriche | Lettonie
33%
Médaille d'argent Skeleton Autriche | Lettonie
33%
Médaille de bronze Saut à ski Autriche | Norvège | Slovénie | Suède
33%
Médaille de bronze Patinage de vitesse Autriche | Norvège | Suède
33%
Médaille d'argent Boxe Biélorussie | Bulgarie | Danemark | Estonie | Hongrie | Irlande | Norvège | Suède
33%
Médaille de bronze Pentathlon moderne Biélorussie | Hongrie | Hongrie | Lituanie | Suède
33%
Médaille d'argent Basket Bulgarie | Croatie | Serbie
33%
Médaille de bronze Football Bulgarie | Danemark | Hongrie | Norvège | Suède
33%
Médaille de bronze Basket Bulgarie | Lituanie | Serbie
33%
Médaille d'argent Volleyball Bulgarie | Serbie
33%
Médaille de bronze Volleyball Bulgarie | Serbie
33%
Médaille d'argent Water-polo Croatie | Hongrie | Suède
33%
Médaille de bronze Taekwondo Croatie | Serbie
33%
Médaille d'argent Badminton Danemark
33%
Médaille de bronze Badminton Danemark
33%
Médaille d'argent Hockey sur gazon Danemark
33%
Médaille de bronze Plongeon Danemark | Suède
33%
Médaille d'argent Cyclisme Danemark | Suède | Suisse
33%
Médaille de bronze Karaté Hongrie
33%
Médaille d'argent Pentathlon moderne Hongrie | Lettonie | Lituanie | Suède
33%
Médaille de bronze Water-polo Hongrie | Serbie | Suède
33%
Titre olympique Basket à trois Lettonie
33%
Titre olympique Cyclisme - BMX Lettonie
33%
Médaille d'argent Taekwondo Macédoine | Norvège | Serbie
33%
Médaille de bronze Basket à trois Serbie
33%
Médaille d'argent Plongeon Suède
33%
Médaille d'argent Tennis de table Suède
33%
Médaille d'argent Tir à l'arc Suède
33%
Médaille de bronze Tennis de table Suède | Danemark
33%
Médaille de bronze Heptathlon Lituanie
17%
Médaille d'argent Golf Suède
17%
Aucun quiz correspondant
Distribution des résultats
% des personnes avec chaque résultat
Percentile par nombre de réponses
Votre historique - résultats
Vous n’avez pas pris ce quiz